Statistiken für Städte Sachsen A-Z

Klicken Sie hier um das Quiz zu spielen!

Allgemein

  • Dieses Quiz wurde 188 mal gespielt
  • Das Durchschnittsergebnis liegt bei 12 aus 20

Antwortstatistiken

BuchstabeEinwohnerStadt% Korrekt
C246.334Chemnitz
99%
D556.780Dresden
99%
L593.145Leipzig
99%
Z88.690Zwickau
97%
G55.980Görlitz
90%
B38.425Bautzen
86%
P64.597Plauen
85%
M28.282Meißen
76%
F40.657Freiberg
71%
A20.353Aue-Bad Schlema
63%
H32.405Hoyerswerda
56%
R33.894Radebeul
53%
T19.883Torgau
45%
O14.098Oschatz
37%
K16.914Kamenz
34%
E15.557Eilenburg
21%
J3.897Johanngeorgenstadt
16%
W20.623Werdau
16%
S18.312Schkeuditz
10%
N12.097Neustadt in Sachsen
5%

Verteilung der Resultate

Perzentil nach korrekt beantworteten Fragen

Anzahl Personen mit jedem Resultat

Ihre Resultats-Entwicklung

Sie haben dieses Quiz noch nicht gespielt